| 000 | 01579nam0a2200313 4500 | ||
|---|---|---|---|
| 001 | RU\NLR\bibl\1326646 | ||
| 005 | 20260608062959.0 | ||
| 010 |
_a978-5-17-048589-5 _bАСТ |
||
| 010 |
_a978-5-7516-0487-5 _bТекст (Кн. карман. формата) _92500 |
||
| 021 |
_aRU _b2008-100328 _95899 |
||
| 035 | _a(NLR Aleph) 001311936 | ||
| 090 |
_a685034 _c685034 |
||
| 100 | _a20090209d2008 |||y0rusy50 ca | ||
| 101 | 1 |
_arus _ceng |
|
| 102 | _aRU | ||
| 105 | _ay ||||||||| | ||
| 200 | 1 |
_aМир мистера Муллинера _eрассказы _fП. Г. Вудхаус _gпер. с англ. Ирины Гуровой |
|
| 210 |
_aМосква _cАСТ _cТекст _d2008 (cop. 2007) |
||
| 215 |
_a300, [2] с. _d17 |
||
| 225 | 1 |
_aТекст _iКниги карманного формата |
|
| 327 | 1 | _aСодерж.: Обезьяньи штучки; Киватель; Сок одного апельсина; Восхождение Минны Нордстром; Голливудские Робинзоны; Арчибальд и массы; Кодекс Муллинеров; Пламенное ухаживание Мордреда; Ансельм получает свой шанс; Правильный подход; Большой бизнес | |
| 686 | _aШ6(4Вл)67-440.5{Лх1298.145(80)} | ||
| 700 | 1 |
_4070 _7ca _8rus _aВудхаус _bП. Г. _f1881-1975 _gПелем Гренвилл _9120643 _3RU\NLR\AUTH\7710880 |
|
| 801 | 0 |
_aRU _bNLR _c20090209 _gRCR |
|
| 801 | 1 |
_aRU _bNLR _c20090209 |
|
| 942 | _cBOOK | ||
| 980 | _aNB | ||